Derecho romano: fundamentos para la docencia
Na minha lista:
| Autor principal: | |
|---|---|
| Formato: | Livro |
| Idioma: | espanhol |
| Publicado em: |
Valparaíso
Latinoclásica
1992
|
| Edição: | 1a. ed |
| Colecção: | Serie Tratados Básicos y Textos Didácticos
|
| Assuntos: | |
| Tags: |
Adicionar Tag
Sem tags, seja o primeiro a adicionar uma tag!
|
MARC
| LEADER | 00000nam a2200000 a 4500 | ||
|---|---|---|---|
| 001 | UCX9511 | ||
| 003 | CL-VaPUC | ||
| 008 | 940610e19920000CL |||||||||||||||||spa|d | ||
| 082 | 0 | 4 | |a 340.54 |b TOP |2 21 |
| 100 | 0 | |a Topasio Ferretti, Aldo |e author |9 326932 | |
| 245 | 1 | 0 | |a Derecho romano: fundamentos para la docencia |
| 250 | |a 1a. ed | ||
| 300 | |a 493 p | ||
| 942 | |c BK | ||
| 945 | |d 19940610 00:00:00 |a aalvarez | ||
| 260 | |a Valparaíso |b Latinoclásica |c 1992 | ||
| 650 | 0 | |a Derecho romano |9 255930 | |
| 583 | |a last modification |c 19940610 00:00:00 |k Rodrigo Vera | ||
| 490 | 0 | |a Serie Tratados Básicos y Textos Didácticos | |
| 999 | |c 228727 |d 228725 | ||
| 952 | |0 0 |1 0 |4 0 |6 340_540000000000000_TOP_1992 |7 0 |8 A |9 229103 |a BIBDER |b BIBDER |d 2019-11-15 |i 2982617 |o 340.54 TOP 1992 |p 2982617 |r 2023-01-25 |w 2019-11-15 |y BK |k DER | ||
| 952 | |0 0 |1 0 |4 0 |6 340_540000000000000_TOP_1992 |7 0 |8 A |9 229104 |a BIBDER |b BIBDER |d 2019-11-15 |i 3108546 |o 340.54 TOP 1992 |p 3108546 |r 2023-01-25 |w 2019-11-15 |y BK |k DER | ||
| 952 | |0 0 |1 0 |4 0 |6 340_540000000000000_TOP_1992 |7 0 |8 A |9 229105 |a BIBDER |b BIBDER |d 2019-11-15 |i 317929K |o 340.54 TOP 1992 |p 317929K |r 2023-01-25 |w 2019-11-15 |y BK |k DER | ||
| 952 | |0 0 |1 0 |4 0 |6 340_540000000000000_TOP_1992 |7 0 |8 A |9 229106 |a BIBDER |b BIBDER |d 2019-11-15 |i 3182517 |o 340.54 TOP 1992 |p 3182517 |r 2023-01-25 |w 2019-11-15 |y BK |k DER | ||
| 952 | |0 0 |1 0 |4 0 |6 340_540000000000000_TOP_1992 |7 0 |8 A |9 229107 |a BIBDER |b BIBDER |d 2019-11-15 |i 3182525 |l 1 |o 340.54 TOP 1992 |p 3182525 |q 2025-05-14 |r 2025-05-07 |s 2025-05-07 |w 2019-11-15 |y BK |k DER | ||